LEADER 01073nam a2200241 u 4500 001 000000037855 003 CaOOAMICUS 005 20070226113819.0 008 980417s1935 it u000 u ita u 035 $a10790811 040 $aPUL(R)$bita 100 1 $aBenassi, Giorgio.$0(OLS)http://pul/name/27924 245 10$aSul concetto di "infortunio" e di "causa violenta" /$cGiorgio Benassi. 260 $aRoma :$bEd. dell'Istituto nazionale fascista,$c1935. 300 $a27 p. ;$c18 cm 500 $aEstratto dalla Rassegna della previdenz asociale, a. XXII, n. 5. 504 $aBibliografia in nota. 650 4$aAssistenza e previdenza sociale.$0(OLS)http://pul/subject/3433 850 $aPUL 852 $aPUL$W1$xDP1 Miscellanee$y10$mMiscell.A.Borettini.253$j51691$nBK-PRI$b $qStampati Miscellanee$B51691$CPULBib$Z2$F51691 $H $81 941 1 $a17 996 $6245$aSul concetto di "infortunio" e di "causa violenta"$9(OLS)http://pul/title/51466 996 $6260$aRoma :$bEd. dell'Istituto nazionale fascista$9(OLS)http://pul/publisher/63484 LEADER 01220naa a2200229 u 4500 001 000000098990 003 CaOOAMICUS 005 20070226130157.0 008 050607s1998 it u000 u ita u 035 $a11049027 040 $aIAR$bita 100 1 $aVaiani, Elena.$0(OLS)http://pul/name/60642 245 13$aL'>Antiquité expliquée< di Bernard de Montfaucon :$bMetodi e strumenti dell'antiquaria settecentesca /$cElana Vaiani. 260 $aPisa :$bScuola Normale Superiore,$c1998. 300 $aS. 155-176 ;$c29 cm 600 14$aMontfaucon, Bernard de,$cO.S.B.,$d1655-1741.$0(OLS)http://pul/subject/31670 730 0 $aAnnali della Scuola normale superiore di Pisa, Classe di lettere e filosofia$g[Spogli].$0(OLS)http://pul/title/24292 773 0 $aDell'antiquaria e dei suoi metodi. 773 0 $tAnnali della Scuola normale superiore di Pisa$gSerie IV, Quaderni 2 (1998) [= Quaderni 6]. 773 0 $tAnnali della Scuola normale superiore di Pisa, Classe di lettere e filosofia$w()16982 996 $6245$aL'>Antiquité expliquée< di Bernard de Montfaucon :$bMetodi e strumenti dell'antiquaria settecentesca$9(OLS)http://pul/title/125866 996 $6260$aPisa :$bScuola Normale Superiore$9(OLS)http://pul/publisher/79164